000 03853nas1a22007451i 4500
001 RU\NLR\INFOCOMM15\5000277196
005 20260407090218.0
011 _a0131-1646
035 _a(NLR Aleph) 002410418
090 _a1813524
_c1813524
100 _a20050130d19759999|||y0rusy50 ca
101 0 _arus
102 _aRU
110 _aaguzz 0|y|
200 1 _aФизиология человека
_eЖурн.
_fАН СССР
210 _aМ.
_cНаука
_d1975 -
712 0 2 _4570
_aАН СССР
_bОтделение физиологии
_3RU\NLR\AUTH\8814226
_9301614
712 0 2 _4570
_aАН СССР
_3RU\NLR\AUTH\881046
_9272478
712 0 2 _4570
_aРоссийская академия наук
_3RU\NLR\AUTH\881057
_9272489
712 0 2 _4570
_aРоссийская академия наук
_bОтделение физиологии
_3RU\NLR\AUTH\884689
_9280914
801 1 _aRU
_bInfoComm
_c20050130
801 0 _aRU
_bNLR
_gPSBO
801 2 _aRU
_bNLR
_c20080327
_2rusmarc
852 _aNLR
_jП8/1138
942 _cJOURNAL
980 _aRUSPER